Zwycięzcy GP Kanady - Statystyki

Ogólne statystyki
  • Ten quiz został rozwiązany 18 razy
  • Średni wynik to 29 z 51
Statystyki odpowiedzi
Rok Kierowca Zespół % Poprawnych
2007 Lewis Hamilton McLaren
94%
2010 Lewis Hamilton McLaren
94%
2012 Lewis Hamilton McLaren
94%
2015 Lewis Hamilton Mercedes
94%
2016 Lewis Hamilton Mercedes
94%
2017 Lewis Hamilton Mercedes
94%
2019 Lewis Hamilton Mercedes
94%
2022 Max Verstappen Red Bull
94%
1994 Michael Schumacher Benetton
94%
1997 Michael Schumacher Ferrari
94%
1998 Michael Schumacher Ferrari
94%
2000 Michael Schumacher Ferrari
94%
2002 Michael Schumacher Ferrari
94%
2003 Michael Schumacher Ferrari
94%
2004 Michael Schumacher Ferrari
94%
2001 Ralf Schumacher Williams
94%
2008 Robert Kubica BMW
94%
2006 Fernando Alonso Renault
88%
2013 Sebastian Vettel Red Bull
88%
2018 Sebastian Vettel Ferrari
88%
1988 Ayrton Senna McLaren
69%
1990 Ayrton Senna McLaren
69%
1993 Alain Prost Williams
56%
2005 Kimi Räikkönen McLaren
56%
1999 Mika Häkkinen McLaren
56%
2014 Daniel Ricciardo Red Bull
50%
2011 Jenson Button McLaren
50%
1996 Damon Hill Williams
44%
1974 Emerson Fittipaldi McLaren
44%
1978 Gilles Villeneuve Ferrari
38%
1976 James Hunt McLaren
38%
1982 Nelson Piquet Brabham
38%
1984 Nelson Piquet Brabham
38%
1991 Nelson Piquet Benetton
38%
1986 Nigel Mansell Williams
38%
1992 Gerhard Berger McLaren
31%
1967 Jack Brabham Brabham
31%
1971 Jackie Stewart Tyrell
31%
1972 Jackie Stewart Tyrell
31%
1979 Alan Jones Williams
25%
1980 Alan Jones Williams
25%
1995 Jean Alesi Ferrari
25%
1977 Jody Scheckter Wolf
25%
1983 Rene Arnoux Ferrari
13%
1989 Thierry Boutsen Williams
13%
1968 Denny Hulme McLaren
6%
1969 Jacky Ickx Brabham
6%
1970 Jacky Ickx Ferrari
6%
1981 Jacques Lafitte Ligier
6%
1985 Michele Alboreto Ferrari
6%
1973 Peter Revson McLaren
6%
Nie znaleziono quizów pasujących do podanych kryteriów
Rozkład punktacji
Procent ludzi z każdym wynikiem
Percentyl według liczby udzielonych odpowiedzi
Twoja historia wyników
Nie rozwiązałeś tego quizu